• 首页
  • 本馆介绍
  • 公告通知
  • 最新文献
  • 馆藏检索
  • 电子资源
  • 读者导购
  • 参考咨询
  • 我的图书馆
  • 登录
  • 详细信息显示
  • 放入我的书架
  • 预约/预借图书
  • 作者相关作品
  • 分类相关作品
  • 丛书相关作品
  • 出版社相关作品

书目信息

  • 表格格式
  • 工作单格式
  • 卡片格式
题名:
国际金融市场
    
 
作者: 戈莱比 ;刘红曼 译
分册:  
出版信息: 北京   中国人民大学出版社  1998
页数: 408
开本: 26cm
丛书名: 工商管理经典译丛
单 册:
中图分类: F831.5
科图分类:
主题词: 金融 , 银行
电子资源:
ISBN: 7-300-02919-1
000 00671nam0 2200229 450
001 0760515518
005 20070817164835.51
010    @a7-300-02919-1@d¥45.00
100    @a20070817d km y0chiy0120 ea
101 0  @achi
200 1  @a国际金融市场@Aguo ji jin rong shi chang@f(美)戈莱比@F(mei)ge lai bi@g刘红曼等译@Gliu hong man deng yi
210    @a北京@c中国人民大学出版社@d1998
215    @a408@d26cm
225 2  @a工商管理经典译丛
410  0 @12001 @a工商管理经典译丛
606 0  @a金融
606 0  @a银行
690    @aF831.5@v3
701  0 @a戈莱比@Age lai bi
702  0 @a刘红曼@Aliu hong man@4译
801  0 @aCN@bPFT@c20070817
905    @a213230@dF831.5@eg25@f1
    
    国际金融市场/(美)戈莱比/刘红曼等译.-北京:中国人民大学出版社,1998
    408;26cm.-(工商管理经典译丛)
    
    
    ISBN 7-300-02919-1:¥45.00
    
●
相关链接 在E读中查询图书 在五车中查询图书 在当当中查询图书 在豆瓣中查询图书


正题名:国际金融市场     索取号:F831.5/g25         预约/预借

序号 登录号 条形码 馆藏地/架位号 状态 备注
1 6502449   265024494   密集书库-海洋学院/ [索取号:F831.5/g25] 在馆    
2 6502450   265024500   密集书库-海洋学院/ [索取号:F831.5/g25] 在馆    
唐山师范学院图书馆 欢迎您!
大连网信软件有限公司© 版权所有